[Event "ADCF Masters, Abu Dhabi UAE"]
[Site "?"]
[Date "2001.??.??"]
[Round "5"]
[White "Gleizerov, E."]
[Black "Kotsur, P."]
[Result "0-1"]
[WhiteElo "2585"]
[BlackElo "2600"]
[PlyCount "116"]
[EventDate "2001.??.??"]
[Source "www.chesslib.no"]
[SourceDate "2004.05.04"]

1. d4 e6 2. c4 c5 3. d5 exd5 4. cxd5 d6 5. Nc3 g6 6. Nf3 Bg7 7. g3 a6 8. a4 Nh6 9. Bg2 Nf5 10. h4 h5 11. O-O O-O 12. Bf4 Re8 13. Nd2 Nd7 14. e4 Nd4 15. Bxd6 Qb6 16. Nc4 Qb4 17. Qd3 Nb6 18. Ne3 Bd7 19. a5 Nb3 20. Ra2 Nxa5 21. Nc2 Qc4 22. Qxc4 Nbxc4 23. Bxc5 Nb3 24. Be3 Rac8 25. Rd1 Nxb2 26. Rxb2 Rxc3 27. Nd4 Nc5 28. Rb6 Bg4 29. Rdb1 Nxe4 30. Bxe4 Rxe4 31. Nb3 Re8 32. Rxb7 Bf3 33. Rb6 Bxd5 34. Nd4 Be4 35. Re1 Bd3 36. Nb3 Bb5 37. Rb1 Rec8 38. Kh2 Bd3 39. Re1 Bc4 40. Nd4 Bd3 41. Nb3 Re8 42. Rc1 Rxc1 43. Nxc1 Bc4 44. Rc6 Bb5 45. Rb6 Be5 46. Rb7 Rd8 47. Nb3 Rd1 48. Rb6 Bc7 49. Rf6 Kg7 50. Bg5 Bd8 51. Rf4 f6 52. Rd4 Rxd4 53. Nxd4 fxg5 54. Ne6+ Kf6 55. Nxd8 a5 56. hxg5+ Kxg5 57. Ne6+ Kf6 58. Nd4 Bc4 0-1

[Event "Moscow RUS"]
[Site "Moscow RUS"]
[Date "1987.??.??"]
[Round "?"]
[White "Tukmakov, Vladimir B"]
[Black "Tal, Mikhail N"]
[Result "1/2-1/2"]
[WhiteElo "2575"]
[BlackElo "2605"]
[PlyCount "64"]
[EventDate "1987.??.??"]
[Source "www.chesslib.no"]
[SourceDate "2004.05.04"]

1. d4 Nf6 2. Nf3 c5 3. d5 g6 4. Nc3 Bg7 5. e4 O-O 6. Be2 d6 7. O-O Na6 8. Bf4 Nc7 9. a4 a6 10. h3 Rb8 11. a5 Nb5 12. Nxb5 axb5 13. e5 dxe5 14. Bxe5 Ra8 15. Bxb5 Rxa5 16. Rxa5 Qxa5 17. c4 Qd8 18. b4 cxb4 19. Qb3 Ne4 20. Bxg7 Kxg7 21. Re1 Nc5 22. Qxb4 Qd6 23. Qc3+ Kg8 24. Ne5 f6 25. Nd3 Nxd3 26. Qxd3 e6 27. Qd4 exd5 28. c5 Qd8 29. Ba4 Kg7 30. Bb3 Rf7 31. Qxd5 Qxd5 32. Bxd5 Rc7 1/2-1/2

[Event "Las Vegas Open 5'"]
[Site "Las Vegas, NV USA"]
[Date "1995.??.??"]
[Round "7"]
[White "Browne, Walter S"]
[Black "Hodgson, Julian M"]
[Result "0-1"]
[WhiteElo "2560"]
[BlackElo "2615"]
[PlyCount "53"]
[EventDate "1995.??.??"]
[Source "www.chesslib.no"]
[SourceDate "2004.05.04"]

1. d4 d6 2. e4 Nf6 3. Nc3 g6 4. Nf3 Bg7 5. Be2 c5 6. d5 O-O 7. h3 b5 8. e5 dxe5 9. Bxb5 e4 10. Nh2 Bb7 11. Ng4 Nxd5 12. Nxd5 Qxd5 13. Qe2 Nc6 14. c3 Ne5 15. O-O Nd3 16. Rd1 c4 17. Ba4 Kh8 18. Ne3 Qc5 19. Rb1 f5 20. b4 Qc7 21. Bb5 Ne5 22. Nc2 a6 23. Ba4 Nd3 24. Bd2 f4 25. Qg4 Qb6 26. Rf1 Rad8 27. Be1 0-1

[Event "Kalamaria Open"]
[Site "Thessaloniki GRE"]
[Date "2007.08.29"]
[Round "6"]
[White "Graf, A."]
[Black "Chatalbashev, B."]
[Result "1-0"]
[WhiteElo "2595"]
[BlackElo "2573"]
[PlyCount "59"]
[EventDate "2007.08.25"]
[Source "www.chesslib.no"]
[SourceDate "2004.05.04"]

1. d4 c5 2. d5 g6 3. e4 Bg7 4. c4 d6 5. Nc3 e6 6. Nf3 Nf6 7. Bd3 O-O 8. O-O exd5 9. exd5 Bg4 10. h3 Bxf3 11. Qxf3 Nfd7 12. Be2 Na6 13. Bd2 f5 14. Qg3 Qf6 15. Bg5 Qf7 16. Nb5 Be5 17. f4 Bxb2 18. Rae1 Nf6 19. Bd3 Nh5 20. Qh4 Bf6 21. Nxd6 Bxg5 22. fxg5 Qg7 23. Bxf5 Nc7 24. Qg4 Kh8 25. Be6 Qc3 26. Nf7+ Kg7 27. Kh2 Rae8 28. Qf3 Qxf3 29. Rxf3 Nxe6 30. dxe6 1-0